| 000 | 00915nas a2200265 a 4500 | ||
|---|---|---|---|
| 005 | 20160201155429.0 | ||
| 008 | 000531t1977 ck ar p r 0 0 0spa d | ||
| 022 | _a0120-0542 | ||
| 040 |
_ahm _chm _doe _dCO-BoIAVH |
||
| 041 | 0 | _aspa | |
| 044 | _ack | ||
| 090 | _aSE- | ||
| 245 | 0 | 0 | _aBoletín científico CIOH. |
| 260 |
_aCartagena : _bCIOH, _c1977-. |
||
| 300 |
_bilustraciones ; _c31 cm. |
||
| 310 | _aa | ||
| 321 | _aa | ||
| 650 | 6 |
_aHidrología _xInvestigaciones _xPublicaciones seriadas _zColombia |
|
| 650 | 6 |
_aHidrografía _xInvestigaciones _xPublicaciones seriadas _zColombia |
|
| 650 | 7 |
_aOceanografía _xInvestigaciones _xPublicaciones seriadas _zColombia |
|
| 651 | 6 |
_aBolívar (Colombia) _xPublicaciones seriadas |
|
| 651 | 6 |
_aColombia _xPublicaciones seriadas |
|
| 710 | 2 | 1 | _aCentro de Investigaciones Oceanográficas e Hidrográficas |
| 942 |
_2z _cREVISTA |
||
| 999 |
_c18075 _d18075 |
||